000 00822cam a2200253 4500
001 3592
005 20181127171547.0
008 790427s1979 caua b 001 0 eng b
010 _a 79012259
020 _a0818503440
_c
100 1 _aSegall, Marshall H.
245 1 0 _aCross-cultural psychology :
_bhuman behavior in global perspective /
_cMarshall H. Segall.
260 _aMonterey, CA :
_bBrooks/Cole Pub. Co.,
_c1979.
300 _axiii, 269 p. :
_bill. ;
_c24 cm.
504 _aIncludes bibliographies and indexes.
650 0 _aCross-cultural studies.
650 0 _aPersonality and culture
_xCross-cultural studies.
650 0 _aPsychology
_xSocial aspects.
650 0 _aPsychology.
650 2 _aBehavior.
650 2 _aCross-cultural comparison.
650 2 _aPsychology, Social.
650 2 _aPsychology.
999 _c2927
_d2927